<?xml version="1.0" encoding="UTF-8"?>
<marc:record xmlns:marc="http://www.loc.gov/MARC21/slim">
   <marc:leader>00000nam a2200000 a 4500</marc:leader>
   <marc:datafield ind1=" " ind2=" " tag="653">
      <marc:subfield code="a">Kassette / Kinder- und Jugendbücher/Lernen</marc:subfield>
   </marc:datafield>
   <marc:datafield ind1=" " ind2=" " tag="653">
      <marc:subfield code="a">CD</marc:subfield>
   </marc:datafield>
   <marc:datafield ind1="0" ind2="0" tag="245">
      <marc:subfield code="a">Französisch für Kids</marc:subfield>
   </marc:datafield>
   <marc:datafield ind1=" " ind2="1" tag="264">
      <marc:subfield code="a">Nürtingen</marc:subfield>
      <marc:subfield code="b">dnf</marc:subfield>
      <marc:subfield code="c">2010</marc:subfield>
   </marc:datafield>
   <marc:datafield ind1=" " ind2=" " tag="250">
      <marc:subfield code="a">1. Aufl.</marc:subfield>
   </marc:datafield>
   <marc:datafield ind1="1" ind2=" " tag="520">
      <marc:subfield code="a">Angaben aus der Verlagsmeldung

Urlaubsgrüße aus Frankreich! : Französische Kindergeschichten, Klasse 3

"Die CD richtet sich an alle Eltern, die Ihren Kindern die Möglichkeit geben möchten, ihre Kenntnisse in der französischen Sprache zu verbessern.
Durch das Anhören der Geschichten finden die Kinder leicht Zugang zu Klang und Ausdrucksweise und werden so optimal auf das Erlernen der französischen Sprache vorbereitet. Alle Geschichten sind von französischen Muttersprachlern gesprochen, um den Kindern ein Gefühl für die Sprachmelodie und Aussprache zu vermitteln.
In einem Begleitheft sind alle Geschichten zum Nachlesen sowohl in deutsch als auch in englisch dargestellt."
</marc:subfield>
   </marc:datafield>
   <marc:datafield ind1=" " ind2=" " tag="020">
      <marc:subfield code="a">9783898315647</marc:subfield>
      <marc:subfield code="9">9783898315647</marc:subfield>
   </marc:datafield>
   <marc:datafield ind1=" " ind2=" " tag="041">
      <marc:subfield code="a">fre</marc:subfield>
   </marc:datafield>
   <marc:datafield ind1=" " ind2=" " tag="300">
      <marc:subfield code="a">1 CD (MP3)</marc:subfield>
   </marc:datafield>
</marc:record>
